000 00497nam a2200193 a 4500
001 1772446534367
003 YourLibrary
005 20260302154701.0
008 260302s2009##################000#0#eng##
020 _a9780230516892
082 0 4 _a321.8
_bNEF
100 1 _aNef, Jorge,
_eauthor.
245 1 0 _aThe Democratic Challenge :
260 _bRed Globe Press,
_c2009.
300 _a212 pages
650 0 _aPolitical Science.
942 _cENGLISH
040 _aYourLibrary
_beng
_cYourLibrary
999 _c616404
_d616404